000 00505pab a2200169 454500
008 180718b2011 xxu||||| |||| 00| 0 eng d
100 _aNelles, Jen
245 _aStrengthening the ties that bind? An analysis of aboriginal - municipal inter-governmental agreements in British Columbi
260 _c2011
300 _ap.315-334.
362 _aSep
650 _aIndigenous populations
700 _aAlcantara, Christopher
773 _aCanadian Public Administration
908 _aN
909 _a93417
999 _c93417
_d93417